00615 2200229 4500001002100000005001500021035002000036007000300056008004100059082001500100084002100115100002600136245007000162260004100232300003800273650000900311600001000320600001400330600001100344600001400355990001600369INLIS00000000000485220230703105647 a0010-0123000009ta230703 g 0 eng  a598.2(923) a598.2(923) VER b0 aVERHEIJEN, Jilis A.J.1 aBird-Names in Manggarai, Flores, Indonesia /cJlis A.J. Verheijen aGermany :bImprimerie St-Paul,c1963 ahalaman tidak beraturan ;c27 cm. 4aBIRD 4aNAMES 4aMANGGARAI 4aFLORES 4aINDONESIA a00000003570